Ninjago Postacie Sezon 1: Rok Węży - Statystyki

Ogólne statystyki
  • Ten quiz został rozwiązany 63 razy
  • Średni wynik to 122 z 175
Statystyki odpowiedzi
Odcinek Postać % Poprawnych
Kai
100%
1."Atak węży" | 10."Zielony Ninja" | 13."Dzień Pożeracza Światów" | +4 others Cole
98%
Jay
98%
Lloyd Garmadon
96%
Garmadon
93%
Wu
93%
Zane
93%
Nya
91%
Pythor
82%
Skales
78%
Edna Walker
42%
Ed Walker
42%
11."Wszystko i nic" | 5."Węże na wolności" | 6."Król węży" | 7."Czas ucieka" Acidicus
33%
Listonosz
33%
Kruncha
31%
Fangtom
29%
Skalidor
29%
Lou
27%
Nuckal
27%
Sokół
27%
Mezmo
20%
Slithraa
18%
Chokun
16%
Julien
16%
Mystake
16%
Rattla
13%
Snike
13%
Spitta
13%
Bytar
7%
Fang-Suei
7%
Przewodnik
2%
9."Kowale Melodii" Spiker
0%
Nie znaleziono quizów pasujących do podanych kryteriów
Rozkład punktacji
Procent ludzi z każdym wynikiem
Percentyl według liczby udzielonych odpowiedzi
Twoja historia wyników
Nie rozwiązałeś tego quizu